000 00986nam a2200301 i 4500
001 88738
003 ES-MaACL
005 20230906175921.0
007 t|
008 041202s1989 sp ||||1| spa d
020 _a84-85354-69-2
080 _a873.3-6"11"
100 1 _aAbelardo, Pedro,
_d1079-1142
_918038
245 1 0 _aCartas de Abelardo y Heloisa ; Historia calamitatum /
_cprecedido de En favor de Heloisa por Carme Riera ; prólogo de Paul Zumthor ; traducción de C. Peri-Rossi.
250 _a2ª ed.
260 _aPalma de Mallorca :
_bJosé J. de Olañeta,
_c1989.
300 _a158 p. :
_bil. ;
_c24 cm.
490 1 _aHesperus ;
_v9
504 _aBibliografía: p. 155-158.
700 1 _aRiera, Carme.
_997101
700 1 _aZumthor, Paul.
_9118499
700 1 _aPeri Rossi, Cristina.
_991241
740 0 _aHistoria calamitatum.
740 0 _aHeloisé.
830 0 _aHesperus ;
_v9
_9177365
852 _aES-MaACL
_jE-10566
_bR.134686
999 _c88738
_d88738